[Event "IV Open FIDE"]
[Site "Forli' ITA"]
[Date "1991.09.09"]
[Round "3"]
[White "Dutreeuw, Marc"]
[Black "Pieri, Filippo"]
[Result "1-0"]
[WhiteElo "2410"]
[BlackElo "2240"]
[PlyCount "77"]
[EventDate "1991.09.07"]

1. e4 c5 2. Nf3 d6 3. d4 cxd4 4. Nxd4 Nf6 5. Nc3 g6 6. Be3 Bg7 7. f3 O-O 8. Qd2
Nc6 9. g4 Bd7 10. O-O-O Rc8 11. h4 Ne5 12. h5 Qa5 13. Kb1 Rxc3 14. Qxc3 Qxc3
15. bxc3 Nxf3 16. h6 Bh8 17. Nxf3 Bxg4 18. Bg2 Nxe4 19. Rd3 Nxc3+ 20. Kb2 Ne2+
21. Nd4 Ng3 22. Rh4 Be2 23. Kb3 Bxd3 24. cxd3 Bxd4 25. Bxd4 Nf5 26. Rg4 Nxh6
27. Re4 Nf5 28. Bxa7 Rc8 29. Rb4 e6 30. Bxb7 Rc1 31. a4 d5 32. Kb2 Rd1 33. a5
Rxd3 34. a6 Nd6 35. Bc5 Nc4+ 36. Rxc4 dxc4 37. a7 c3+ 38. Kc1 Rd8 39. Bb6 1-0

[Event "IV Open FIDE"]
[Site "Forli' ITA"]
[Date "1991.09.09"]
[Round "3"]
[White "Hansen, Curt"]
[Black "Vezzosi, Paolo"]
[Result "1/2-1/2"]
[WhiteElo "2600"]
[BlackElo "2330"]
[PlyCount "84"]
[EventDate "1991.09.07"]

1. d4 Nf6 2. c4 e6 3. Nc3 Bb4 4. Qb3 c5 5. e3 Nc6 6. a3 Bxc3+ 7. bxc3 O-O 8.
Bd3 b6 9. Nf3 Ba6 10. Qc2 Na5 11. dxc5 bxc5 12. Nd2 Rb8 13. O-O h6 14. h3 d5
15. Rd1 Qc7 16. cxd5 c4 17. Be2 exd5 18. a4 Nb3 19. Ra2 Rfc8 20. Ba3 Nxd2 21.
Qxd2 Rb3 22. Bf3 Bb7 23. a5 Qxa5 24. Bb4 Qb6 25. Rda1 d4 26. Bxb7 dxc3 27. Bxc3
Qxb7 28. Bxf6 gxf6 29. Qd1 Qe4 30. Rxa7 Rcb8 31. Rc1 R3b7 32. Rxb7 Rxb7 33.
Qg4+ Qxg4 34. hxg4 Rb4 35. Kf1 Kf8 36. Ke2 Ke7 37. Kd2 Kd6 38. Kc3 Kc5 39. Rh1
Rb3+ 40. Kc2 Kb4 41. Rxh6 Rc3+ 42. Kb2 Rb3+ 1/2-1/2

[Event "IV Open FIDE"]
[Site "Forli' ITA"]
[Date "1991.09.09"]
[Round "3"]
[White "Malaniuk, Vladimir P."]
[Black "Langeweg, Kick"]
[Result "1-0"]
[WhiteElo "2510"]
[BlackElo "2410"]
[PlyCount "91"]
[EventDate "1991.09.07"]

1. d4 Nf6 2. Nf3 e6 3. e3 c5 4. Bd3 Nc6 5. O-O b6 6. c4 g6 7. Nc3 Bg7 8. d5 Nb4
9. Be2 O-O 10. e4 exd5 11. cxd5 d6 12. Re1 Na6 13. h3 Bb7 14. Bf4 Nc7 15. Rc1
Nh5 16. Bg5 Bf6 17. Be3 Re8 18. Bd3 Bg7 19. Qd2 Ba6 20. Bb1 Nb5 21. Nd1 Qd7 22.
Bc2 Re7 23. a4 Nc7 24. b4 Rae8 25. bxc5 bxc5 26. Rb1 Bc8 27. Nc3 Ba6 28. Bg5
Bf6 29. Bxf6 Nxf6 30. Qh6 Rd8 31. Rbd1 Nfe8 32. e5 dxe5 33. Nxe5 Qd6 34. Nc6
Rxe1+ 35. Rxe1 Rd7 36. Be4 Nf6 37. Bf3 Bb7 38. Nb5 Nxb5 39. axb5 a6 40. bxa6
Bxa6 41. g4 Qf8 42. Qf4 Qd6 43. Qa4 Bb7 44. g5 Nxd5 45. Re8+ Kg7 46. Bxd5 1-0

[Event "IV Open FIDE"]
[Site "Forli' ITA"]
[Date "1991.09.09"]
[Round "3"]
[White "Maljutin, Evgeni"]
[Black "Winterstein, Wolfgang"]
[Result "1-0"]
[WhiteElo "2435"]
[BlackElo "2300"]
[PlyCount "83"]
[EventDate "1991.09.07"]

1. e4 e6 2. Qe2 c5 3. Nf3 Nc6 4. g3 Be7 5. Bg2 d5 6. d3 Nf6 7. O-O O-O 8. e5
Nd7 9. c4 Nb6 10. b3 a5 11. a4 Nb4 12. Na3 Bd7 13. Nc2 Bc6 14. Nxb4 cxb4 15.
Nd4 Rc8 16. Be3 dxc4 17. Nxc6 bxc6 18. dxc4 Nd7 19. Rad1 Qc7 20. f4 Rcd8 21.
Qf2 c5 22. Qf3 Nb8 23. Qb7 Rc8 24. Qxc7 Rxc7 25. f5 Rd8 26. fxe6 fxe6 27. Bh3
Rc6 28. Rxd8+ Bxd8 29. Bxc5 Nd7 30. Bd6 Bb6+ 31. Kg2 Rxd6 32. exd6 Nc5 33. d7
g6 34. Rd1 Bd8 35. Rd6 Kf7 36. Rc6 Nxb3 37. Rxe6 Nd4 38. Re8 Nc6 39. Be6+ Kg7
40. Bd5 b3 41. Bxc6 b2 42. Be4 1-0

[Event "IV Open FIDE"]
[Site "Forli' ITA"]
[Date "1991.09.09"]
[Round "3"]
[White "Mauro, Alan"]
[Black "Becker, Marc"]
[Result "0-1"]
[WhiteElo "2240"]
[BlackElo "2310"]
[PlyCount "154"]
[EventDate "1991.09.07"]

1. e4 e5 2. Nf3 Nc6 3. Bb5 a6 4. Ba4 Nf6 5. d4 exd4 6. O-O Be7 7. Re1 b5 8. e5
Nxe5 9. Rxe5 d6 10. Re1 bxa4 11. Nxd4 Bd7 12. Qf3 O-O 13. Nc6 Bxc6 14. Qxc6 d5
15. Bg5 Rb8 16. Nc3 a3 17. bxa3 Rb6 18. Qa4 h6 19. Bh4 c6 20. Qd4 Rb7 21. Rab1
Rxb1 22. Nxb1 Re8 23. f3 Nd7 24. Bxe7 Rxe7 25. Rxe7 Qxe7 26. Kf2 Qd6 27. g3 c5
28. Qd3 Ne5 29. Qf5 d4 30. Nd2 d3 31. c3 c4 32. Kg2 Qd5 33. Qe4 Qxe4 34. fxe4
Kf8 35. Kf2 Ke7 36. Ke3 Kd6 37. Kd4 h5 38. Nf1 g5 39. Ne3 d2 40. Nd1 h4 41.
gxh4 gxh4 42. h3 Nd3 43. Kxc4 Nf4 44. Kd4 Nxh3 45. Ke3 Ke5 46. Nb2 Ke6 47. Kxd2
Ng5 48. Ke3 h3 49. Nd3 h2 50. Nf2 Nh3 51. Nh1 Ke5 52. c4 Ng5 53. Nf2 Kd6 54.
Kd4 Nf3+ 55. Ke3 Ne5 56. Kd4 f6 57. a4 Ng4 58. Nh1 Kc6 59. Kd3 Kc5 60. Kc3 a5
61. Kd3 Ne5+ 62. Ke3 Nxc4+ 63. Kf4 Kd4 64. Kg3 Nd2 65. Kxh2 Nxe4 66. Kg2 Nc3
67. Ng3 Nxa2 68. Kf3 Nc3 69. Nf5+ Kc4 70. Nd6+ Kb4 71. Ne8 Kxa4 72. Nxf6 Kb4
73. Ke3 a4 74. Kd2 Kb3 75. Nd7 a3 76. Kc1 a2 77. Nc5+ Ka3 0-1

[Event "IV Open FIDE"]
[Site "Forli' ITA"]
[Date "1991.09.09"]
[Round "3"]
[White "Ortega, Lexy"]
[Black "Lagumina, Giulio"]
[Result "1-0"]
[WhiteElo "2410"]
[BlackElo "2265"]
[PlyCount "62"]
[EventDate "1991.09.07"]

1. d4 d5 2. Nf3 e6 3. g3 Nf6 4. Bg2 Be7 5. O-O O-O 6. c4 dxc4 7. Na3 Bxa3 8.
bxa3 Bd7 9. Ne5 Bc6 10. Nxc6 Nxc6 11. Bb2 Qd6 12. Rc1 b5 13. e4 e5 14. f4 Rad8
15. d5 exf4 16. gxf4 Rfe8 17. Qc2 Ne7 18. Kh1 Ng4 19. Bh3 h5 20. Bxg4 hxg4 21.
f5 c6 22. Rg1 cxd5 23. Rxg4 d4 24. Rcg1 g6 25. Qf2 Qf6 26. Bc1 d3 27. Bg5 Qe5
28. Qh4 Nxf5 29. exf5 Qd5+ 30. R4g2 Re4 31. Qh6 Re2 1-0

[Event "IV Open FIDE"]
[Site "Forli' ITA"]
[Date "1991.09.09"]
[Round "3"]
[White "Pedersen, Steffen"]
[Black "Berg, Klaus"]
[Result "1/2-1/2"]
[WhiteElo "2295"]
[BlackElo "2390"]
[PlyCount "69"]
[EventDate "1991.09.07"]

1. d4 d6 2. Nf3 g6 3. c4 Bg7 4. Nc3 Bg4 5. e3 c5 6. Be2 cxd4 7. exd4 Nh6 8. O-O
O-O 9. Bg5 Nf5 10. Rc1 Nd7 11. Qd2 Bxf3 12. Bxf3 Nxd4 13. Bxb7 Rb8 14. Bd5 Nc5
15. Rfe1 Re8 16. Nb5 Nde6 17. b4 Nxg5 18. bxc5 Ne6 19. Rxe6 fxe6 20. Bxe6+ Kh8
21. c6 Qb6 22. c7 Ra8 23. a4 a6 24. a5 Qc5 25. Bd7 Rf8 26. Qe3 Qxe3 27. fxe3
Bh6 28. Rc3 axb5 29. cxb5 Rxa5 30. h4 Ra1+ 31. Kh2 Bg7 32. c8=Q Be5+ 33. g3
Rxc8 34. Rxc8+ Kg7 35. Kg2 1/2-1/2

[Event "IV Open FIDE"]
[Site "Forli' ITA"]
[Date "1991.09.09"]
[Round "3"]
[White "Wagman, Stuart"]
[Black "Anceschi, Vittorio"]
[Result "1/2-1/2"]
[WhiteElo "2225"]
[BlackElo "2290"]
[PlyCount "88"]
[EventDate "1991.09.07"]

1. e4 c6 2. d4 d5 3. Nc3 g6 4. h3 Bg7 5. Nf3 h5 6. Be2 Nh6 7. O-O O-O 8. Re1 b5
9. a3 dxe4 10. Nxe4 Nf5 11. c3 Nd6 12. Nxd6 Qxd6 13. Bg5 Be6 14. Bd3 Bf6 15.
Bh6 Re8 16. Ng5 Bd5 17. Ne4 Bxe4 18. Bxe4 Nd7 19. Qf3 Rac8 20. Rad1 Nb6 21. Bf4
Qd7 22. Qg3 Nd5 23. Bc1 e6 24. Qf3 Bg7 25. Bg5 a5 26. g4 hxg4 27. hxg4 f6 28.
Bh4 f5 29. Bxd5 exd5 30. gxf5 Qxf5 31. Qg2 Re4 32. Rxe4 dxe4 33. Re1 Re8 34.
Bg5 Re6 35. Re3 b4 36. axb4 axb4 37. Rg3 bxc3 38. bxc3 Bf8 39. Be3 Be7 40. Rg4
Kg7 41. Rf4 Qh5 42. Rxe4 Qd1+ 43. Kh2 Qh5+ 44. Kg1 Qd1+ 1/2-1/2

[Event "IV Open FIDE"]
[Site "Forli' ITA"]
[Date "1991.09.09"]
[Round "3"]
[White "Yeuillaz, Corrado"]
[Black "Motwani, Paul"]
[Result "1/2-1/2"]
[WhiteElo "2205"]
[BlackElo "2440"]
[PlyCount "34"]
[EventDate "1991.09.07"]

1. e4 c5 2. Nf3 e6 3. d4 cxd4 4. Nxd4 a6 5. Bd3 g6 6. O-O Bg7 7. Be3 Ne7 8. c4
d5 9. exd5 exd5 10. Nc3 O-O 11. Qd2 Bxd4 12. Bxd4 Nbc6 13. Bf6 dxc4 14. Nd5
cxd3 15. Nxe7+ Nxe7 16. Rae1 Be6 17. Re5 Nc6 1/2-1/2

[Event "IV Open FIDE"]
[Site "Forli' ITA"]
[Date "1991.09.09"]
[Round "3"]
[White "Zadrima, Aldo"]
[Black "Votruba, Pavel"]
[Result "0-1"]
[WhiteElo "2235"]
[BlackElo "2355"]
[PlyCount "58"]
[EventDate "1991.09.07"]

1. e4 e6 2. d4 d5 3. Nc3 Nf6 4. Bg5 dxe4 5. Nxe4 Be7 6. Bxf6 Bxf6 7. Nf3 Nd7 8.
c3 O-O 9. Qc2 b6 10. O-O-O Bb7 11. Bd3 Qe7 12. h4 c5 13. dxc5 bxc5 14. Nfg5 h6
15. Nh7 Rfd8 16. Nhxf6+ Nxf6 17. f3 Nd5 18. Qf2 Rac8 19. Bc2 Ba6 20. Rhe1 Qc7
21. g3 Qa5 22. a4 Qb6 23. Qd2 Bc4 24. Qf2 Rb8 25. b3 Bxb3 26. Qxc5 Qxc5 27.
Nxc5 Bxc2 28. Kxc2 Rdc8 29. Ne4 f5 0-1

[Event "IV Open FIDE"]
[Site "Forli' ITA"]
[Date "1991.09.10"]
[Round "4"]
[White "Anceschi, Vittorio"]
[Black "Mauro, Alan"]
[Result "1-0"]
[WhiteElo "2290"]
[BlackElo "2240"]
[PlyCount "57"]
[EventDate "1991.09.07"]

1. e4 c5 2. Nc3 Nc6 3. g3 g6 4. Bg2 Bg7 5. d3 d6 6. Be3 Nf6 7. h3 O-O 8. Nge2
e5 9. O-O Nd4 10. f4 Bh6 11. Qd2 Nh5 12. Kh2 exf4 13. Nxf4 Nxf4 14. Bxf4 Bxf4
15. Rxf4 Be6 16. Raf1 Qg5 17. a3 Rae8 18. Nd1 h5 19. Ne3 Qe5 20. c3 Nc6 21. Nd5
Bxd5 22. exd5 Ne7 23. Re4 Qg7 24. Rfe1 f5 25. Re6 Rf6 26. Rxf6 Qxf6 27. Re6 Qf7
28. Qg5 Kf8 29. Rf6 1-0

[Event "IV Open FIDE"]
[Site "Forli' ITA"]
[Date "1991.09.10"]
[Round "4"]
[White "Becker, Marc"]
[Black "Hansen, Curt"]
[Result "1/2-1/2"]
[WhiteElo "2310"]
[BlackElo "2600"]
[PlyCount "47"]
[EventDate "1991.09.07"]

1. c4 Nf6 2. Nf3 g6 3. Nc3 Bg7 4. g3 O-O 5. Bg2 d6 6. O-O e5 7. d3 Nc6 8. Rb1
a5 9. a3 h6 10. b4 axb4 11. axb4 Be6 12. b5 Ne7 13. Bd2 Qd7 14. c5 Nh5 15. cxd6
cxd6 16. Na4 Nc8 17. Qc2 Bh3 18. Rfc1 Bxg2 19. Kxg2 Re8 20. Qb3 Nf6 21. Rc2 Qe6
22. Qxe6 Rxe6 23. Rbc1 Re8 24. Be1 1/2-1/2

[Event "IV Open FIDE"]
[Site "Forli' ITA"]
[Date "1991.09.10"]
[Round "4"]
[White "Drei, Andrea"]
[Black "Mileto, Gabriele"]
[Result "1-0"]
[WhiteElo "2250"]
[BlackElo "2255"]
[PlyCount "86"]
[EventDate "1991.09.07"]

1. e4 e5 2. Nf3 Nc6 3. Bb5 f5 4. Nc3 fxe4 5. Nxe4 Nf6 6. Nxf6+ Qxf6 7. O-O Nd4
8. Nxd4 exd4 9. c3 c6 10. Ba4 Be7 11. cxd4 Qxd4 12. d3 O-O 13. Qe2 Qh4 14. g3
Qf6 15. Bf4 d5 16. Be5 Qg6 17. f3 Bf5 18. Rad1 Rae8 19. d4 Bd6 20. Rd2 Bb4 21.
Rdd1 Qe6 22. g4 Bg6 23. h3 Bd6 24. f4 Bxe5 25. dxe5 Be4 26. Qxe4 dxe4 27. Bb3
Qxb3 28. axb3 g5 29. Rde1 Rxf4 30. Rxf4 gxf4 31. Rxe4 Kg7 32. Kf2 Kg6 33. Kf3
Kg5 34. e6 a5 35. h4+ Kf6 36. Kxf4 Rxe6 37. g5+ Kf7 38. Rxe6 Kxe6 39. Ke4 b5
40. h5 b4 41. Kd4 Kf5 42. g6 hxg6 43. hxg6 Kxg6 1-0

[Event "IV Open FIDE"]
[Site "Forli' ITA"]
[Date "1991.09.10"]
[Round "4"]
[White "Falchetta, Giovanni"]
[Black "Boe, Mads"]
[Result "0-1"]
[WhiteElo "2235"]
[BlackElo "2320"]
[PlyCount "78"]
[EventDate "1991.09.07"]

1. d4 f5 2. c4 Nf6 3. Nc3 e6 4. Qc2 d5 5. e3 c6 6. Bd3 Be7 7. b3 O-O 8. Bb2 b6
9. Nge2 Bb7 10. f3 Na6 11. a3 Nc7 12. O-O-O dxc4 13. Bxc4 b5 14. Bd3 b4 15.
axb4 Ncd5 16. Qd2 Nxb4 17. Bc4 Nfd5 18. Kb1 Bg5 19. f4 Be7 20. Nc1 Qa5 21. N3a2
Qb6 22. Nd3 Nxa2 23. Kxa2 a5 24. Ba3 a4 25. b4 Ba6 26. Bxd5 exd5 27. Nc5 Bc4+
28. Ka1 Ra7 29. Rhg1 Bf6 30. g4 fxg4 31. Rxg4 Qb5 32. Rdg1 Re8 33. R4g3 Rae7
34. Rh3 Bb3 35. Kb2 Qc4 36. Kb1 Rxe3 37. Rxe3 Rxe3 38. Rc1 Qxd4 39. Qxd4 Bxd4
0-1

[Event "IV Open FIDE"]
[Site "Forli' ITA"]
[Date "1991.09.10"]
[Round "4"]
[White "Farago, Ivan"]
[Black "Malaniuk, Vladimir P."]
[Result "1/2-1/2"]
[WhiteElo "2515"]
[BlackElo "2510"]
[PlyCount "199"]
[EventDate "1991.09.07"]

1. d4 f5 2. c4 Nf6 3. Nc3 d6 4. Nf3 g6 5. g3 Bg7 6. Bg2 O-O 7. O-O Qe8 8. Re1
Qf7 9. Qd3 Nc6 10. Ng5 Nb4 11. Nxf7 Nxd3 12. Nh6+ Bxh6 13. exd3 Bxc1 14. Raxc1
e6 15. f4 Rf7 16. Re2 Kf8 17. Rce1 c6 18. b4 Bd7 19. b5 Rc8 20. bxc6 bxc6 21.
Rb1 Rc7 22. Rb8+ Kg7 23. Reb2 Bc8 24. Bf3 Nd7 25. R8b3 Nf6 26. Kf2 Rce7 27. Nd1
Bb7 28. c5 d5 29. Nc3 Ba6 30. Ke3 Rb7 31. Kd2 h6 32. h4 Kf8 33. Ne2 Rg7 34. Ke3
Ke8 35. Ng1 Kd8 36. Be2 Kc7 37. Nf3 Ng4+ 38. Kd2 Rg8 39. Rxb7+ Bxb7 40. Bf1 Bc8
41. Ke2 Rg7 42. Bh3 Nf6 43. Kf2 h5 44. Bf1 Bd7 45. Be2 Ng4+ 46. Ke1 Bc8 47. Ng5
Nf6 48. Bd1 Nh7 49. Re2 Nf8 50. Ba4 Re7 51. Kd2 Bd7 52. Kc3 Bc8 53. Kb4 Ba6 54.
Re3 Bc8 55. Ka5 Bb7 56. Re2 Bc8 57. Nf3 Nd7 58. Rb2 Bb7 59. Kb4 Bc8 60. Kc3 Bb7
61. Kd2 Rg7 62. Ke3 Bc8 63. Bd1 Bb7 64. Rb3 Bc8 65. Ra3 a6 66. Ba4 Bb7 67. Rb3
Bc8 68. Rb2 Bb7 69. Kd2 Bc8 70. Kc3 Bb7 71. Kb4 Bc8 72. Ka5 Bb7 73. Re2 Re7 74.
Kb4 Bc8 75. Kc3 Bb7 76. Kd2 Bc8 77. Ke1 Bb7 78. Kf2 Bc8 79. Re1 Bb7 80. Kg2 Bc8
81. Kg1 Bb7 82. Kf2 Bc8 83. Ne5 Nxe5 84. fxe5 Rg7 85. Rh1 Bd7 86. Rb1 g5 87.
hxg5 Rxg5 88. Bd1 Rg8 89. Bxh5 Rb8 90. Rxb8 Kxb8 91. Ke3 Kc7 92. Bf7 Kd8 93.
Kd2 Kc7 94. Bg8 Kd8 95. Bf7 Kc7 96. Kc3 Kc8 97. Kb4 Kc7 98. Ka5 Kb7 99. Bh5 Ka7
100. Bf7 1/2-1/2

[Event "IV Open FIDE"]
[Site "Forli' ITA"]
[Date "1991.09.10"]
[Round "4"]
[White "Godena, Michele"]
[Black "Yeuillaz, Corrado"]
[Result "1-0"]
[WhiteElo "2415"]
[BlackElo "2205"]
[PlyCount "37"]
[EventDate "1991.09.07"]

1. e4 e6 2. d4 d5 3. Nd2 dxe4 4. Nxe4 Nd7 5. Nf3 Be7 6. Bd3 Ngf6 7. Qe2 O-O 8.
c3 c5 9. dxc5 Nxc5 10. Nxc5 Bxc5 11. Bg5 Be7 12. Rd1 Qc7 13. O-O g6 14. Ne5 b6
15. Bc4 Bb7 16. Bxf6 Bxf6 17. Nd7 Qc6 18. f3 Rfc8 19. Bb5 1-0

[Event "IV Open FIDE"]
[Site "Forli' ITA"]
[Date "1991.09.10"]
[Round "4"]
[White "Lagrotteria, Salvatore"]
[Black "Yilmaz, Turhan"]
[Result "0-1"]
[WhiteElo "2240"]
[BlackElo "2340"]
[PlyCount "75"]
[EventDate "1991.09.07"]

1. Nf3 f5 2. e4 fxe4 3. Ng5 e5 4. d4 exd4 5. Nxe4 Qe7 6. Bd3 d5 7. Qh5+ Qf7 8.
Qxf7+ Kxf7 9. Ng5+ Ke8 10. Nxh7 Ne7 11. Bg5 c5 12. Nxf8 Rxf8 13. b3 Bf5 14. Nd2
Nbc6 15. Nf3 Be4 16. Bxe4 dxe4 17. Nd2 Nb4 18. Nxe4 Nxc2+ 19. Kd2 Nxa1 20. Rxa1
b6 21. Re1 Kd7 22. Nxc5+ bxc5 23. Rxe7+ Kd6 24. f3 g6 25. Rg7 Rg8 26. Rf7 a5
27. Kd3 a4 28. Kc4 Rge8 29. Rf6+ Re6 30. Rf7 axb3 31. axb3 Kc6 32. Bf4 Ra2 33.
Rc7+ Kb6 34. Kd5 Rf6 35. Be5 d3 36. Ke4 Re2+ 37. Kd5 Rxe5+ 38. Kxe5 0-1

[Event "IV Open FIDE"]
[Site "Forli' ITA"]
[Date "1991.09.10"]
[Round "4"]
[White "Lagumina, Giulio"]
[Black "Magalotti, Andrea"]
[Result "1/2-1/2"]
[WhiteElo "2265"]
[BlackElo "2205"]
[PlyCount "67"]
[EventDate "1991.09.07"]

1. e4 c5 2. Nf3 d6 3. d4 cxd4 4. Nxd4 Nf6 5. Nc3 g6 6. Be3 Bg7 7. f3 Nc6 8. Qd2
O-O 9. Bc4 Bd7 10. O-O-O Rc8 11. Bb3 Ne5 12. h4 h5 13. Bg5 Rc5 14. Kb1 b5 15.
g4 hxg4 16. h5 Nxh5 17. Nd5 Re8 18. Rxh5 gxh5 19. Qh2 gxf3 20. Qxh5 Bg4 21. Qh4
Rxd5 22. Bxd5 Qb6 23. Be3 e6 24. Nf5 Qd8 25. Bg5 f6 26. Bh6 Bxf5 27. exf5 exd5
28. Bxg7 Kxg7 29. Rg1+ Kf8 30. Qh6+ Ke7 31. Rg7+ Nf7 32. Rxf7+ Kxf7 33. Qh7+
Kf8 34. Qh6+ 1/2-1/2

[Event "IV Open FIDE"]
[Site "Forli' ITA"]
[Date "1991.09.10"]
[Round "4"]
[White "Langeweg, Kick"]
[Black "Pedersen, Steffen"]
[Result "0-1"]
[WhiteElo "2410"]
[BlackElo "2295"]
[PlyCount "44"]
[EventDate "1991.09.07"]

1. d4 f5 2. g3 Nf6 3. Bg2 g6 4. b3 Bg7 5. Bb2 O-O 6. Nd2 d6 7. Ngf3 Nc6 8. O-O
Qe8 9. Re1 h6 10. c4 e5 11. dxe5 dxe5 12. e4 f4 13. b4 fxg3 14. hxg3 Ng4 15. b5
Nd4 16. Ba3 Rf7 17. Nb3 Be6 18. Nbxd4 exd4 19. Qd3 Rd8 20. Re2 Rxf3 21. Qxf3
Ne5 22. Qf4 d3 0-1

[Event "IV Open FIDE"]
[Site "Forli' ITA"]
[Date "1991.09.10"]
[Round "4"]
[White "Motwani, Paul"]
[Black "Ortega, Lexy"]
[Result "1-0"]
[WhiteElo "2440"]
[BlackElo "2410"]
[PlyCount "55"]
[EventDate "1991.09.07"]

1. e4 c5 2. Nf3 d6 3. Bb5+ Nd7 4. d4 Ngf6 5. Nc3 cxd4 6. Qxd4 g6 7. Bg5 Bg7 8.
O-O-O h6 9. Bxf6 Bxf6 10. e5 Bg7 11. Qe3 O-O 12. exd6 e6 13. h4 a6 14. Bxd7
Bxd7 15. Ne5 Bc6 16. f4 h5 17. Rhg1 Qxh4 18. g4 Rad8 19. gxh5 Qxh5 20. Rg5 Qh2
21. Rd2 Qh4 22. Rg4 Qh6 23. Qg3 Bxe5 24. fxe5 Rd7 25. Rh4 Qg7 26. Rdh2 f6 27.
Qh3 Bg2 28. Rxg2 1-0

[Event "IV Open FIDE"]
[Site "Forli' ITA"]
[Date "1991.09.10"]
[Round "4"]
[White "Pieri, Filippo"]
[Black "Antonsen, Mikkel"]
[Result "0-1"]
[WhiteElo "2240"]
[BlackElo "2325"]
[PlyCount "68"]
[EventDate "1991.09.07"]

1. e4 e6 2. d4 d5 3. Nc3 Bb4 4. Nge2 dxe4 5. a3 Bxc3+ 6. Nxc3 Nc6 7. Be3 f5 8.
Bb5 Nf6 9. Qd2 O-O 10. O-O-O Ne7 11. f3 Ned5 12. Bg5 exf3 13. gxf3 Nxc3 14.
Qxc3 Ne4 15. fxe4 Qxg5+ 16. Kb1 fxe4 17. Ba4 Qe7 18. Rhg1 c6 19. Qe3 Qh4 20. c3
Rf3 21. Qe1 Qxe1 22. Rdxe1 Rf2 23. Rh1 Bd7 24. Rxe4 Raf8 25. h4 Rg2 26. Rc1
Rff2 27. Rc2 Kf7 28. Rxf2+ Rxf2 29. Bc2 Kf6 30. Rg4 g6 31. h5 Be8 32. hxg6 Bxg6
33. Bxg6 hxg6 34. a4 g5 0-1

[Event "IV Open FIDE"]
[Site "Forli' ITA"]
[Date "1991.09.10"]
[Round "4"]
[White "Votruba, Pavel"]
[Black "Maljutin, Evgeni"]
[Result "1-0"]
[WhiteElo "2355"]
[BlackElo "2435"]
[PlyCount "85"]
[EventDate "1991.09.07"]

1. Nf3 f5 2. c4 Nf6 3. Nc3 g6 4. d3 d6 5. e4 Bg7 6. exf5 Bxf5 7. d4 O-O 8. Bd3
Bg4 9. Be2 e5 10. dxe5 dxe5 11. Be3 Nc6 12. h3 Bxf3 13. Bxf3 Nd4 14. O-O c6 15.
Bxd4 exd4 16. Ne2 d3 17. Nf4 Qd6 18. Nxd3 Rad8 19. Be2 Rfe8 20. Re1 Rd7 21. Bf1
Rf8 22. c5 Qc7 23. Qb3+ Kh8 24. Qe6 Nd5 25. Qg4 Rdf7 26. g3 Rf3 27. Rad1 Qf7
28. Rd2 Qf6 29. Re6 Qf7 30. Bg2 Rxd3 31. Rxd3 Qxf2+ 32. Kh2 Qxb2 33. Re2 Qb5
34. Rb3 Qxc5 35. Rxb7 Bd4 36. h4 Bg1+ 37. Kh3 Nf6 38. Qe6 Qd4 39. Bf3 c5 40.
Qe5 Qd6 41. Qg5 Qd4 42. Qh6 Nd7 43. Rxd7 1-0

[Event "IV Open FIDE"]
[Site "Forli' ITA"]
[Date "1991.09.10"]
[Round "4"]
[White "Winterstein, Wolfgang"]
[Black "Zadrima, Aldo"]
[Result "1-0"]
[WhiteElo "2300"]
[BlackElo "2235"]
[PlyCount "91"]
[EventDate "1991.09.07"]

1. e4 c5 2. Nf3 Nc6 3. d4 cxd4 4. Nxd4 Nf6 5. Nc3 e5 6. Ndb5 d6 7. Bg5 a6 8.
Na3 b5 9. Bxf6 gxf6 10. Nd5 f5 11. exf5 Bxf5 12. c3 Bg7 13. Nc2 O-O 14. Nce3
Be6 15. g4 Rb8 16. Bg2 Ne7 17. O-O Nxd5 18. Nxd5 a5 19. Qe2 Qh4 20. Ne3 Bh6 21.
Rfd1 Rfd8 22. h3 Kh8 23. Rd3 b4 24. Rad1 Bf8 25. c4 Rdc8 26. b3 Rc5 27. Bd5 Be7
28. Qf3 Rf8 29. Be4 Qg5 30. Nd5 Bd8 31. Ne3 Be7 32. Nf5 Bxf5 33. Bxf5 Rd8 34.
Be4 Kg7 35. Kg2 Rf8 36. h4 Qf6 37. Qe2 Kg8 38. Rf3 Qg7 39. Rf5 h6 40. Kh3 Rd8
41. Bd5 Rf8 42. Rd3 Rc7 43. Rdf3 Bd8 44. Qd2 Qg6 45. Be4 Qe6 46. Rf6 1-0

[Event "IV Open FIDE"]
[Site "Forli' ITA"]
[Date "1991.09.11"]
[Round "5"]
[White "Antonsen, Mikkel"]
[Black "Farago, Ivan"]
[Result "0-1"]
[WhiteElo "2325"]
[BlackElo "2515"]
[PlyCount "68"]
[EventDate "1991.09.07"]

1. d4 Nf6 2. c4 e6 3. Nf3 b6 4. g3 Ba6 5. b3 d5 6. Bg2 dxc4 7. bxc4 Bxc4 8. O-O
Be7 9. Ne5 Bd5 10. Qa4+ c6 11. Bxd5 Nxd5 12. e4 b5 13. Qc2 Nb6 14. Be3 Qc7 15.
Rc1 O-O 16. Nd2 Rc8 17. a3 N6d7 18. Nd3 a5 19. a4 b4 20. Nc4 Nf6 21. Nce5 Bf8
22. Bf4 Qd8 23. Be3 Nxe4 24. Nxf7 Qe8 25. Nde5 Nf6 26. Ng5 Nbd7 27. Nxc6 Nb6
28. Ne4 Nbd5 29. Nxf6+ gxf6 30. Qc4 Rc7 31. Bf4 Nxf4 32. gxf4 Rac8 33. d5 exd5
34. Qxd5+ Kh8 0-1

[Event "IV Open FIDE"]
[Site "Forli' ITA"]
[Date "1991.09.11"]
[Round "5"]
[White "Berg, Klaus"]
[Black "Wagman, Stuart"]
[Result "1-0"]
[WhiteElo "2390"]
[BlackElo "2225"]
[PlyCount "51"]
[EventDate "1991.09.07"]

1. d4 d5 2. Nf3 Nf6 3. Bg5 e6 4. e3 Be7 5. Nbd2 b6 6. Bd3 Bb7 7. O-O Nbd7 8. c3
O-O 9. Qc2 g6 10. Rac1 c5 11. Ne5 Nxe5 12. dxe5 Nh5 13. Bh6 Ng7 14. f4 f5 15.
exf6 Bxf6 16. e4 Rf7 17. exd5 exd5 18. Nf3 c4 19. Bxg6 hxg6 20. Qxg6 d4 21. Ng5
Bxg5 22. fxg5 Rxf1+ 23. Rxf1 Qd7 24. Bxg7 Qxg7 25. Qe6+ Kh8 26. Rf7 1-0

[Event "IV Open FIDE"]
[Site "Forli' ITA"]
[Date "1991.09.11"]
[Round "5"]
[White "Dutreeuw, Marc"]
[Black "Belotti, Bruno"]
[Result "1-0"]
[WhiteElo "2410"]
[BlackElo "2450"]
[PlyCount "67"]
[EventDate "1991.09.07"]

1. e4 c5 2. Nf3 d6 3. d4 cxd4 4. Nxd4 Nf6 5. Nc3 a6 6. Be3 e6 7. a4 b6 8. a5
bxa5 9. Nb3 Nc6 10. Be2 Be7 11. O-O O-O 12. f4 Rb8 13. Bf3 Qc7 14. Qe2 Re8 15.
Qf2 e5 16. f5 d5 17. Nxd5 Nxd5 18. exd5 Nb4 19. Be4 Rb5 20. Rfd1 Bb7 21. c4
Qxc4 22. Nd2 Qc8 23. Rac1 Qd8 24. Nc4 Bxd5 25. Nb6 Bh4 26. g3 Bg5 27. Rc8 Bxe4
28. Rdxd8 Bxd8 29. Nc4 Rd5 30. Nd2 Bd3 31. f6 gxf6 32. Bh6 f5 33. Qe3 f4 34.
Qa7 1-0

[Event "IV Open FIDE"]
[Site "Forli' ITA"]
[Date "1991.09.11"]
[Round "5"]
[White "Hansen, Curt"]
[Black "Boe, Mads"]
[Result "1/2-1/2"]
[WhiteElo "2600"]
[BlackElo "2320"]
[PlyCount "34"]
[EventDate "1991.09.07"]

1. d4 f5 2. g3 Nf6 3. Bg2 e6 4. c4 d5 5. Qc2 c6 6. Nh3 Be7 7. O-O O-O 8. b3 Na6
9. Ba3 Nb4 10. Bxb4 Bxb4 11. Rd1 Qe7 12. a3 Ba5 13. Nd2 Bb6 14. c5 Bc7 15. f4
Bd7 16. Nf3 Ne4 17. Nf2 h6 1/2-1/2

[Event "IV Open FIDE"]
[Site "Forli' ITA"]
[Date "1991.09.11"]
[Round "5"]
[White "Lagumina, Giulio"]
[Black "Lagrotteria, Salvatore"]
[Result "1/2-1/2"]
[WhiteElo "2265"]
[BlackElo "2240"]
[PlyCount "55"]
[EventDate "1991.09.07"]

1. e4 e5 2. f4 exf4 3. Bc4 Qh4+ 4. Kf1 d5 5. exd5 Bd6 6. Nc3 Ne7 7. Ne4 O-O 8.
d4 Nf5 9. Nxd6 Nxd6 10. Bd3 Re8 11. Nf3 Qf6 12. Qd2 Bf5 13. Ne5 c5 14. Qxf4
cxd4 15. Nf3 Bxd3+ 16. cxd3 Qe7 17. Bd2 Na6 18. Re1 Qd7 19. Kf2 Nc5 20. Qxd4
Qb5 21. Rxe8+ Rxe8 22. Rf1 Nf5 23. a4 Nxd3+ 24. Kg1 Qa6 25. Qg4 Qb6+ 26. Kh1
Nd6 27. Bc3 g6 28. Qd4 1/2-1/2

[Event "IV Open FIDE"]
[Site "Forli' ITA"]
[Date "1991.09.11"]
[Round "5"]
[White "Langeweg, Kick"]
[Black "Pieri, Filippo"]
[Result "1-0"]
[WhiteElo "2410"]
[BlackElo "2240"]
[PlyCount "97"]
[EventDate "1991.09.07"]

1. Nf3 c5 2. c4 Nf6 3. Nc3 Nc6 4. d4 cxd4 5. Nxd4 Nxd4 6. Qxd4 g6 7. g3 Bg7 8.
Bg2 O-O 9. O-O d6 10. Qd3 a6 11. Bd2 Ng4 12. b3 Rb8 13. Rac1 Be6 14. f4 b5 15.
cxb5 axb5 16. h3 Qb6+ 17. e3 Nf6 18. Kh2 Nd7 19. e4 Nc5 20. Qe2 b4 21. Nd5 Bxd5
22. exd5 Ra8 23. Rc2 Ra7 24. Be3 Qa6 25. Qf2 Rc8 26. Rd1 Rac7 27. Rc4 Qa5 28.
Qc2 Nb7 29. Bf1 Rxc4 30. Bxc4 Bc3 31. Rf1 Ra8 32. Rf2 Nc5 33. Re2 Ra7 34. h4
Rc7 35. h5 Nd7 36. hxg6 hxg6 37. f5 Kg7 38. fxg6 fxg6 39. Qe4 Nf6 40. Qh4 Rc8
41. Bh6+ Kf7 42. Qh3 Rc7 43. Qe6+ Ke8 44. Qxd6 Rd7 45. Qe6 Kd8 46. Bf4 Qa7 47.
Qf7 Ng4+ 48. Kg2 e5 49. Bg5+ 1-0